<?xml version="1.0" encoding="UTF-8"?>
<record
    xmlns:xsi="http://www.w3.org/2001/XMLSchema-instance"
    xsi:schemaLocation="http://www.loc.gov/MARC21/slim http://www.loc.gov/standards/marcxml/schema/MARC21slim.xsd"
    xmlns="http://www.loc.gov/MARC21/slim">

  <leader>01081na  a2200289   4500</leader>
  <controlfield tag="001">22419</controlfield>
  <controlfield tag="003">MIRAKIL</controlfield>
  <controlfield tag="005">20181213155254.0</controlfield>
  <controlfield tag="008">170213b        tu            000 0      </controlfield>
  <datafield tag="035" ind1=" " ind2=" ">
    <subfield code="a">22419</subfield>
  </datafield>
  <datafield tag="040" ind1=" " ind2=" ">
    <subfield code="a">Milas</subfield>
    <subfield code="b">tur</subfield>
    <subfield code="c">TR-AnCHP</subfield>
  </datafield>
  <datafield tag="041" ind1=" " ind2=" ">
    <subfield code="a">tur</subfield>
  </datafield>
  <datafield tag="090" ind1=" " ind2=" ">
    <subfield code="a">SHP 38</subfield>
  </datafield>
  <datafield tag="110" ind1=" " ind2=" ">
    <subfield code="a">Sosyaldemokrat Halk&#xE7;&#x131; Parti (SHP)</subfield>
  </datafield>
  <datafield tag="240" ind1=" " ind2=" ">
    <subfield code="a">SHP ile daha &#xE7;ok huzur SHP ile daha &#xE7;ok G&#xFC;ven</subfield>
  </datafield>
  <datafield tag="245" ind1=" " ind2=" ">
    <subfield code="a">SHP Genel Ba&#x15F;kan&#x131; Devlet Bakan&#x131; ve Ba&#x15F;bakan yard&#x131;mc&#x131;s&#x131; Erdal &#x130;n&#xF6;n&#xFC; SHP ile daha &#xE7;ok huzur SHP ile daha &#xE7;ok G&#xFC;ven</subfield>
    <subfield code="b">SHP ile daha &#xE7;ok huzur SHP ile daha &#xE7;ok G&#xFC;ven</subfield>
    <subfield code="c">[Erdal &#x130;n&#xF6;n&#xFC;]</subfield>
  </datafield>
  <datafield tag="246" ind1=" " ind2=" ">
    <subfield code="a">SHP se&#xE7;im kampanyalar&#x131;</subfield>
  </datafield>
  <datafield tag="246" ind1=" " ind2=" ">
    <subfield code="a">SHP ile daha &#xE7;ok huzur SHP ile daha &#xE7;ok G&#xFC;ven</subfield>
  </datafield>
  <datafield tag="260" ind1=" " ind2=" ">
    <subfield code="a">Ankara</subfield>
    <subfield code="b">SHP</subfield>
    <subfield code="c">[t.y.]</subfield>
  </datafield>
  <datafield tag="300" ind1=" " ind2=" ">
    <subfield code="a">Katl&#x131; bro&#x15F;&#xFC;r</subfield>
    <subfield code="c">24 sm.</subfield>
  </datafield>
  <datafield tag="440" ind1=" " ind2=" ">
    <subfield code="a">Sosyaldemokrat Halk&#xE7;&#x131; Parti (SHP) yay&#x131;nlar&#x131;</subfield>
    <subfield code="p">Se&#xE7;im kampanyalar&#x131;</subfield>
    <subfield code="p">Programlar</subfield>
  </datafield>
  <datafield tag="610" ind1=" " ind2=" ">
    <subfield code="a">SHP</subfield>
    <subfield code="y">Genel se&#xE7;imler</subfield>
  </datafield>
  <datafield tag="610" ind1=" " ind2=" ">
    <subfield code="a">SHP</subfield>
    <subfield code="x">Propaganda ve ideolojiler</subfield>
    <subfield code="y">Se&#xE7;im kampanyas&#x131; y&#xF6;netimi</subfield>
  </datafield>
  <datafield tag="657" ind1=" " ind2=" ">
    <subfield code="a">SHP tar&#x131;m program&#x131;</subfield>
  </datafield>
  <datafield tag="942" ind1=" " ind2=" ">
    <subfield code="2">ddc</subfield>
    <subfield code="c">BKS</subfield>
  </datafield>
  <datafield tag="952" ind1=" " ind2=" ">
    <subfield code="5">1</subfield>
    <subfield code="a">0001</subfield>
    <subfield code="b">0001</subfield>
    <subfield code="d">2017-02-13</subfield>
    <subfield code="e">2</subfield>
    <subfield code="f"> SHP</subfield>
    <subfield code="l">0</subfield>
    <subfield code="o">SHP 38</subfield>
    <subfield code="p">014263</subfield>
    <subfield code="r">2017-02-13 00:00:00</subfield>
    <subfield code="t">k.40</subfield>
    <subfield code="v">0.00</subfield>
    <subfield code="w">2017-02-13</subfield>
    <subfield code="y">BKS</subfield>
  </datafield>
  <datafield tag="999" ind1=" " ind2=" ">
    <subfield code="c">9678</subfield>
    <subfield code="d">9678</subfield>
  </datafield>
</record>
